The Stone Roses - Statistics

General Stats
  • This quiz has been taken 470 times
  • The average score is 6 of 10
Answer Stats
Hint Answer % Correct
I Wanna be Adored
83%
Waterfall
77%
Fools Gold
76%
She Bangs the Drum
71%
Sally Cinnamon
67%
I am the Resurrection
65%
Elephant Stone
50%
This is the One
48%
Ten Storey Love Song
28%
One Love
24%
No matching quizzes found
Score Distribution
Percent of People with Each Score
Percentile by Number Answered
Your Score History
You have not taken this quiz